| Tag |
First Indicator |
Second Indicator |
Subfields |
| LEADER |
00000cam a22000001i 4500 |
| 001 |
in00004151113 |
| 005 |
20200117101424.0 |
| 006 |
m d f |
| 007 |
cr bn mmmapmmp |
| 008 |
190430s2017 mdu o f000 0 eng d |
| 024 |
8 |
|
|a hrghrg2017cst191341
|
| 035 |
|
|
|a chdc20190104
|
| 040 |
|
|
|a UMI
|c UMI
|e rda
|d UtOrBLW
|
| 043 |
|
|
|a n-us---
|
| 086 |
0 |
|
|a Y4.C73/7:S.HRG.115-433
|
| 110 |
1 |
|
|a United States.
|b Congress.
|b Senate.
|b Committee on Commerce, Science, and Transportation.
|b Subcommittee on Oceans, Atmosphere, Fisheries, and Coast Guard,
|e issuing body.
|0 http://id.loc.gov/authorities/names/no2007083706
|
| 245 |
1 |
0 |
|a Reauthorization of the Magnuson-Stevens Fishery Conservation and Management Act :
|b Oversight of Fisheries Management Successes and Challenges (Part 3).
|
| 264 |
|
1 |
|a Bethesda, Md. :
|b ProQuest,
|c 2017.
|
| 300 |
|
|
|a 119 pages, digital PDF file
|
| 336 |
|
|
|a text
|2 rdacontent
|b txt
|
| 337 |
|
|
|a computer
|b c
|2 rdamedia
|
| 338 |
|
|
|a online resource
|2 rdacarrier
|b cr
|
| 500 |
|
|
|a Record is based on bibliographic data in ProQuest U.S. Congressional Hearings Digital Collection. Reuse of record except for individual research requires license from ProQuest, LLC.
|
| 500 |
|
|
|a "Sept. 12, 2017."
|
| 533 |
|
|
|a Electronic reproduction.
|b [Bethesda, Md.] :
|c ProQuest,
|d 2019.
|e digital, PDF file.
|n ProQuest Congressional Hearings Digital Collection.
|n Mode of access: World Wide Web via ProQuest website.
|
| 538 |
|
|
|a System requirements: PDF reader software.
|
| 610 |
1 |
0 |
|a United States.
|b Department of Commerce.
|0 http://id.loc.gov/authorities/names/n79071034
|
| 650 |
|
0 |
|a Marine resources conservation
|x Law and legislation
|z United States.
|0 http://id.loc.gov/authorities/subjects/sh2008107400
|
| 650 |
|
0 |
|a Fishery law and legislation
|z United States.
|0 http://id.loc.gov/authorities/subjects/sh2008103833
|
| 776 |
0 |
8 |
|i Microfiche version:
|a United States. Congress. Senate. Committee on Commerce, Science, and Transportation. Subcommittee on Oceans, Atmosphere, Fisheries, and Coast Guard.
|t Reauthorization of the Magnuson-Stevens Fishery Conservation and Management Act
|o CIS 2019 S261-191341
|
| 856 |
4 |
0 |
|u http://proxy.library.tamu.edu/login?url=http://congressional.proquest.com/congcomp/getdoc?hearing-id=hrg-2017-cst-191341
|y electronic resource (pdf)
|z cis 2019 s261-191341
|t 0
|
| 999 |
f |
f |
|s 7c09df3a-996f-3f5b-811f-9b932d91b060
|i bc68b94a-dc76-3607-ae18-4091537aa6d7
|t 0
|
| 952 |
f |
f |
|a Texas A&M University
|b College Station
|c Electronic Resources
|d Available Online
|t 0
|e Y4.C73/7:S.HRG.115-433
|h Superintendent of Documents classification
|
| 998 |
f |
f |
|a Y4.C73/7:S.HRG.115-433
|t 0
|l Available Online
|